The mysticism of Ramanuja/ (Record no. 29999)

000 -LEADER
fixed length control field 00408nam a22001571a 4500
020 ## - INTERNATIONAL STANDARD BOOK NUMBER
ISBN 9788121505611
082 ## - DEWEY DECIMAL CLASSIFICATION NUMBER
Classification number 181.49
Item number CYR/M
100 ## - MAIN ENTRY--AUTHOR NAME
Personal name Cyril Veliath S J
245 ## - TITLE STATEMENT
Title The mysticism of Ramanuja/
Statement of responsibility, etc by Cyril Veliath S J
260 ## - PUBLICATION, DISTRIBUTION, ETC. (IMPRINT)
Place of publication New Delhi:
Name of publisher Munshiram Manoharlal,
Year of publication 1993.
300 ## - PHYSICAL DESCRIPTION
Number of Pages 249p.
650 ## - SUBJECT ADDED ENTRY--TOPICAL TERM
Topical Term Philosophy Ramanuja
650 ## - SUBJECT ADDED ENTRY--TOPICAL TERM
Topical Term Philosophy India
650 ## - SUBJECT ADDED ENTRY--TOPICAL TERM
Topical Term Philosophy
942 ## - ADDED ENTRY ELEMENTS (KOHA)
Koha item type Book
Holdings
Withdrawn status Lost status Damaged status Not for loan Permanent Location Current Location Date acquired Cost, normal purchase price Full call number Accession Number Cost, replacement price Price effective from Koha item type
        Sree Sankaracharya University of Sanskrit Sree Sankaracharya University of Sanskrit 08.01.2015 250.00 181.49 CYR/M 018216 0.00 08.01.2015 Book